000 01260nam a22002777a 4500
005 20150424093634.0
008 170415b1995 ve ||||| |||| 00| 0 spa d
040 _aCO-BoIAVH
_cCO-BoIAVH
041 _aspa
044 _ape
082 0 4 _a590.8546
_bO39
100 1 0 _aOjasti, Juhani
_914917
245 1 0 _aUso y conservación de la fauna silvestre en la amazonia.
260 _aLima:
_bTratado de Coperación Amazónica - TCA,
_c1995.
300 _a164 p.
_c24 cm.
500 _aMaterial impreso de página web. Solo disponible para consulta en sala
505 _aUso de la fauna silvestre amazónica Comercio de la fauna silvestre y sus productos Valor económico de la fauna silvestre Manejo sostenible de la fauna silvestre Conservación de la fauna silvestre Lineamientos de política
650 6 _aFauna silvestre
_zPerú
_zAmazonia (Región)
_933797
650 6 _aFauna silvestre
_xcomercialización
_zPerú
_zAmazonia (Región)
_933798
650 6 _aFauna silvestre
_xmanejo sostenible
_zPerú
_zAmazonia (Región)
_933799
650 4 _aFauna silvestre
_xpolíticas
_933800
650 4 _aConservación de biodiversidad
_zPerú
_zAmazonia (Región)
_933801
650 6 _aAmazonia
_xFauna silvestre
_933802
662 6 _aColombia
942 _cLIBRO
_2ddc
999 _c17435
_d17435